El principio de legalidad penal /

Exposición del principio que regula la potestad punitiva del Estado en favor del individuo. Contenido: Cuestiones generales del principio de legalidad penal; El principio de legalidad penal en el derecho español; El principio de legalidad penal en la jurisprudencia del Tribunal Constitucional Españo...

Descrizione completa

Salvato in:
Dettagli Bibliografici
Autore principale: Vicente Martínez, Rosario de (autor)
Natura: Libro
Lingua:spagnolo
Pubblicazione: Valencia, España : Tirant Lo Blanch, 2004, c2004
Serie:(Los Delitos ; 64)
Soggetti:
Tags: Aggiungi Tag
Nessun Tag, puoi essere il primo ad aggiungerne!!

MARC

LEADER 00000nam^a2200000^a^4500
001 000175703
005 20250521000000.0
009 20260310101615.869
020 |a 84-8456-111-9 
037 |a Acervo ITESO - Biblioteca 
041 |a ESP 
082 |a 345. 4602  |b DEL V. 64 
100 |a Vicente Martínez, Rosario de  |e (autor) 
240 1 5 |a [Los delitos] 
245 1 3 |a El principio de legalidad penal /  |c R. de Vicente Martínez. 
264 4 |a Valencia, España :  |b Tirant Lo Blanch,  |c 2004, c2004 
300 |a 211 p. 
336 |a texto  |b txt  |2 rdacontenido 
337 |a sin mediación  |b n  |2 rdamedio 
338 |a volumen  |b nc  |2 rdasoporte 
440 5 |a (Los Delitos ;  |v 64) 
520 |a Exposición del principio que regula la potestad punitiva del Estado en favor del individuo. Contenido: Cuestiones generales del principio de legalidad penal; El principio de legalidad penal en el derecho español; El principio de legalidad penal en la jurisprudencia del Tribunal Constitucional Español y del Tribunal Europeo de Derechos Humanos. 
649 |a XX 
650 |a Legalidad e Ilegalidad -  |x Teoría 
650 |a Legalidad e Ilegalidad -  |z España 
650 |a Jurisprudencia -  |z España 
650 |a Jurisprudencia -  |z Europa 
650 |a Derecho Procesal Penal -  |z España 
650 |a Derecho Penal -  |z España 
650 |a Derecho Público -  |z España 
910 |a Fondo General 
920 |a Impresos - Libros 
930 |a Colección General 
905 |a 101 
901 |a 0500113981  |b IT1  |c ACC  |u 20250521 
902 |a https://opac.biblio.iteso.mx/vufind/Record/000175703